Unequal burden : (Record no. 314)

MARC details
000 -LEADER
fixed length control field 008390000a22002530004500
003 - CONTROL NUMBER IDENTIFIER
control field LK-CoMWRAF
005 - DATE AND TIME OF LATEST TRANSACTION
control field 20231013131812.0
008 - FIXED-LENGTH DATA ELEMENTS--GENERAL INFORMATION
fixed length control field 230817t1992 ||||| |||| 00| 0 eng d
020 ## - INTERNATIONAL STANDARD BOOK NUMBER
International Standard Book Number 0813382300
040 ## - CATALOGING SOURCE
Original cataloging agency LK-CoMWRAF
Modifying agency LK-CoMWRAF
Description conventions LK-CoMWRAF
041 ## - LANGUAGE CODE
Language code of text/sound track or separate title English
082 ## - DEWEY DECIMAL CLASSIFICATION NUMBER
Classification number 331.4
Item number UNE
942 ## - ADDED ENTRY ELEMENTS (KOHA)
Koha item type Books
700 ## - ADDED ENTRY--PERSONAL NAME
Personal name Beneria, Lourdes
Relator Term editor
700 ## - ADDED ENTRY--PERSONAL NAME
Personal name Feldman, Shelley
Relator Term editor
245 ## - TITLE STATEMENT
Title Unequal burden :
Remainder of title economic crises, persistent poverty, and women's work
260 ## - PUBLICATION, DISTRIBUTION, ETC. (IMPRINT)
Place of publication, distribution, etc. Boulder:
Name of publisher, distributor, etc. Westview press,
Date of publication, distribution, etc. 1992
300 ## - PHYSICAL DESCRIPTION
Extent ix, 278 p. : maps ; 24 cm
Other physical details Index included
500 ## - GENERAL NOTE
General note A photocopy
650 ## - SUBJECT ADDED ENTRY--TOPICAL TERM
Topical term or geographic name as entry element POOR WOMEN- Developing countries
650 ## - SUBJECT ADDED ENTRY--TOPICAL TERM
Topical term or geographic name as entry element Structural adjustment (Economic policy) -Developing countries
650 ## - SUBJECT ADDED ENTRY--TOPICAL TERM
Topical term or geographic name as entry element Women -- Employment -- Developing countries
650 ## - SUBJECT ADDED ENTRY--TOPICAL TERM
Topical term or geographic name as entry element Households -- Developing countries
Holdings
Withdrawn status Lost status Damaged status Not for loan Permanent Location Current Location Date acquired Full call number Barcode Koha item type
        Resource center, Muslim Women's Research And Action Forum Resource center, Muslim Women's Research And Action Forum 2023-08-17 331.4 UNE RAF1731 Books

Copyright © 2023 Muslim Women's Research and Action Forum (MWRAF), No 27/3, Anderson Road, Kalubowila, Dehiwela. Funded by The Asia Fundation